Obras del ilustrissimo, excelentissimo y venerable siervo de Dios, Don Juan de Palafox y Mendoza, ... Obispo... de Osma... : (Record no. 161285)

MARC details
000 -LEADER
campo de control de longitud fija 01153nam a2200253 i 4500
001 - NÚMERO DE CONTROL
campo de control 161285
003 - IDENTIFICADOR DE NÚMERO DE CONTROL
campo de control ES-MaACL
005 - FECHA Y HORA DE LA ÚLTIMA TRANSACCIÓN
campo de control 20241214063030.0
008 - DATOS DE LONGITUD FIJA--INFORMACIÓN GENERAL
campo de control de longitud fija 931025s1762 sp f |||| | spa d
100 1# - ENTRADA PRINCIPAL--NOMBRE DE PERSONA
Nombre de persona Palafox y Mendoza, Juan de,
Fechas asociadas al nombre 1600-1659
9 (RLIN) 239354
245 10 - MENCIÓN DEL TÍTULO
Título Obras del ilustrissimo, excelentissimo y venerable siervo de Dios, Don Juan de Palafox y Mendoza, ... Obispo... de Osma... :
Resto del título Tomo IV : tratados doctrinales de la Naturaleza de Dios...
260 ## - PUBLICACIÓN, DISTRIBUCIÓN, ETC.
Lugar de publicación, distribución, etc. En Madrid :
Nombre del editor, distribuidor, etc. en la imprenta de Don Gabriel Ramirez...,
Fecha de publicación, distribución, etc. 1762.
300 ## - DESCRIPCIÓN FÍSICA
Extensión [16], 632 p., [1] h. de grab. ;
Dimensiones Fol.
530 ## - NOTA DISPONIBLE DE FORMULARIO FÍSICO ADICIONAL
Nota de formato físico adicional disponible Disponible en formato digital.
597 ## - NOTA DE DESCRIPCIÓN FÍSICA
NOTA DE DESCRIPCIÓN FÍSICA Sign.: a-2a4, A-Z4, 2A-2Z4, 3A-3Z4, 4A-4K4.
597 ## - NOTA DE DESCRIPCIÓN FÍSICA
NOTA DE DESCRIPCIÓN FÍSICA Port. con grab. calc.
599 ## - NOTA A LAS ILUSTRACIONES
NOTA A LAS ILUSTRACIONES Grab. calc en p. 5 : "G.Gill"
600 04 - PUNTO DE ACCESO ADICIONAL DE MATERIA--NOMBRE DE PERSONA
Nombre de persona Jesucristo.
9 (RLIN) 66361
700 1# - ENTRADA AGREGADA--NOMBRE PERSONAL
Nombre de persona Ramírez, Gabriel.
9 (RLIN) 131598
740 02 - ENTRADA AGREGADA--TÍTULO RELACIONADO/ANALÍTICO NO CONTROLADO
Título relacionado o analítico no controlado Tratados doctrinales de la naturaleza de Dios.
852 4# - LOCALIZACIÓN
Ubicación ES-MaACL
Número de control de estantería R-2010
Nota libre - Enc. piel original de la época
856 4# - LOCALIZACIÓN Y ACCESO ELECTRÓNICOS
Identificador Uniforme de Recursos <a href="https://bibliotecadigital.jcyl.es/es/consulta/registro.do?id=7210">https://bibliotecadigital.jcyl.es/es/consulta/registro.do?id=7210</a>
Nota pública Biblioteca Digital de Castilla y León
Holdings
Estatus retirado Estado de pérdida Estado de daño No para préstamo Colección Biblioteca de origen Biblioteca actual Ubicación en estantería Fecha de adquisición Fuente de adquisición Total de préstamos Signatura topográfica completa Código de barras Visto por última vez Precio de reemplazo Tipo de ítem Koha
        Colección digital Biblioteca del Ateneo de Madrid Biblioteca del Ateneo de Madrid Depósito 17/01/2008     R-2010 1168935 23/02/2023 23/02/2023 Libro impreso antiguo